[Event "Sao Paulo op"]
[Site "Sao Paulo"]
[Date "1991.??.??"]
[Round "3"]
[White "Hugo Spangenberg"]
[Black "Vladimir Kramnik"]
[Result "1-0"]
[WhiteElo "2220"]
[BlackElo "2480"]
[PlyCount "91"]
[EventDate "1991.??.??"]

1. e4 e6 2. d4 d5 3. Nc3 Nf6 4. Bg5 dxe4 5. Nxe4 Be7 6. Bxf6 gxf6 7. Nf3 b6 8.
Bb5+ c6 9. Bc4 Nd7 10. Qd3 Qc7 11. O-O-O Bb7 12. Rhe1 O-O-O 13. Ba6 f5 14. Ned2
Nf6 15. Ne5 Bd6 16. Bxb7+ Kxb7 17. Qf3 Rhf8 18. g3 Nd5 19. Ndc4 Be7 20. Kb1 Bf6
21. Qb3 Ka8 22. Qf3 Qb7 23. Qh5 h6 24. Rd3 Bg7 25. Qf3 Rfe8 26. Rdd1 Re7 27. h3
Rc7 28. g4 f4 29. Nd2 c5 30. dxc5 Rxc5 31. Nd3 Rb5 32. Kc1 Rc8 33. Re4 Bxb2+
34. Nxb2 Nc3 35. Rxf4 Nxa2+ 36. Kb1 Nc3+ 37. Kc1 Rd5 38. Rxf7 Qc6 39. Rf8 Ne2+
40. Kb1 Qxc2+ 41. Ka1 Rxf8 42. Qxf8+ Kb7 43. Qf3 Ka6 44. Qxe2+ Kb7 45. Qe4 Qc3
46. Ndc4 1-0

[Event "Buenos Aires Naj"]
[Site "Buenos Aires Naj"]
[Date "1993.??.??"]
[Round "8"]
[White "Viktor Korchnoi"]
[Black "Hugo Spangenberg"]
[Result "1/2-1/2"]
[WhiteElo "2605"]
[BlackElo "2505"]
[PlyCount "98"]
[EventDate "1993.??.??"]

1. Nf3 c5 2. c4 g6 3. d4 cxd4 4. Nxd4 Nc6 5. g3 Bg7 6. Nc2 Qb6 7. Nd2 Nf6 8.
Bg2 O-O 9. O-O d6 10. Ne3 Bd7 11. Rb1 Nb4 12. Qb3 Bc6 13. a3 Bxg2 14. Kxg2 Qc6+
15. f3 Na6 16. Nd5 Nxd5 17. cxd5 Qc7 18. Ne4 Rfc8 19. Bg5 h6 20. Rfc1 Qd7 21.
Be3 b6 22. Nc3 h5 23. h3 Rab8 24. g4 b5 25. Ne4 hxg4 26. hxg4 Qb7 27. Bf4 b4
28. a4 Rxc1 29. Rxc1 Rc8 30. Rxc8+ Qxc8 31. Nf2 Nc5 32. Qxb4 Qa6 33. Qb5 Qxa4
34. Qb8+ Kh7 35. Nh3 f6 36. b4 Nd7 37. Qe8 Nb6 38. Qxe7 Nxd5 39. Qxd6 Nxb4 40.
g5 f5 41. Be5 Qa6 42. Qxa6 Nxa6 43. Bd6 Bc3 44. e4 fxe4 45. fxe4 Bb4 46. e5 Kg7
47. Kf3 Bxd6 48. exd6 Nc5 49. Ke3 Kf7 1/2-1/2

[Event "Buenos Aires m rapid"]
[Site "Buenos Aires"]
[Date "1994.??.??"]
[Round "1"]
[White "Leko, Peter"]
[Black "Spangenberg, Hugo"]
[Result "0-1"]
[WhiteElo "2545"]
[BlackElo "2510"]
[PlyCount "118"]
[EventDate "1994.??.??"]
[Source "ChessBase"]
[SourceDate "1996.11.15"]

1. e4 c5 2. Nf3 Nc6 3. d4 cxd4 4. Nxd4 g6 5. c4 Nf6 6. Nc3 d6 7. Be2 Bg7 8. Be3
O-O 9. O-O Bd7 10. Qd2 Nxd4 11. Bxd4 Bc6 12. f3 a5 13. b3 Nd7 14. Bf2 Nc5 15.
Rab1 Qc7 16. Rfc1 Rfc8 17. Rc2 Qd8 18. a3 Qf8 19. Be3 h5 20. b4 axb4 21. axb4
Na4 22. Nd1 Bf6 23. Bh6 Bg7 24. Be3 Bf6 25. Bh6 Bg7 26. Be3 Bf6 27. Bh6 Qd8 28.
Be3 Kh7 29. Bf1 Qh8 30. Kh1 Rc7 31. Rbc1 Bd7 32. Ra2 Be6 33. Rac2 Rac8 34. Be2
Bd7 35. Bf1 Qe8 36. Kg1 Bg7 37. Be2 b5 38. cxb5 Rxc2 39. Rxc2 Rxc2 40. Qxc2
Bxb5 41. Kf2 e6 42. Qd2 Bxe2 43. Qxe2 d5 44. exd5 exd5 45. Qd3 d4 46. Bxd4 Qd8
47. Ke3 Qg5+ 48. Ke2 Qxg2+ 49. Nf2 Nb2 50. Qc3 Qxf2+ 51. Bxf2 Bxc3 52. b5 Be5
53. h3 Kg8 54. b6 Kf8 55. Ke3 Ke7 56. Ke4 Ke6 57. b7 Nc4 58. Bd4 Nd6+ 59. Kd3
Nxb7 0-1

[Event "Buenos Aires m rapid"]
[Site "Buenos Aires"]
[Date "1994.??.??"]
[Round "2"]
[White "Spangenberg, Hugo"]
[Black "Karpov, Anatoly"]
[Result "1-0"]
[WhiteElo "2510"]
[BlackElo "2740"]
[PlyCount "113"]
[EventDate "1994.??.??"]
[Source "ChessBase"]
[SourceDate "1997.11.17"]

1. e4 c6 2. d4 d5 3. Nd2 dxe4 4. Nxe4 Nd7 5. Ng5 Ngf6 6. Bd3 e6 7. Qe2 Bd6 8.
N1f3 h6 9. Ne4 Nxe4 10. Qxe4 Nf6 11. Qe2 Qc7 12. Bd2 b6 13. O-O-O Bb7 14. c4
O-O-O 15. Bc3 c5 16. Kb1 Kb8 17. Rhe1 Rhe8 18. Bc2 Ka8 19. g3 Rc8 20. b3 cxd4
21. Nxd4 a6 22. Bb2 Bb4 23. Rf1 Qc5 24. h3 Ba3 25. Ba1 Re7 26. f4 Rec7 27. Nf3
b5 28. Ne5 Qb4 29. Qe1 Nd5 30. Be4 bxc4 31. Qxb4 Bxb4 32. Nxc4 Nc3+ 33. Bxc3
Bxe4+ 34. Kb2 Bxc3+ 35. Kxc3 Bg2 36. Rg1 Bxh3 37. g4 f5 38. g5 Bg4 39. Rd6 hxg5
40. fxg5 Be2 41. Rxa6+ Kb7 42. Rb6+ Ka7 43. Rxe6 Bxc4 44. bxc4 Rxc4+ 45. Kd3
Rc3+ 46. Kd4 R8c4+ 47. Kd5 Rc5+ 48. Kd6 Rc6+ 49. Ke7 Rc7+ 50. Kf8 f4 51. Re7
Rxe7 52. Kxe7 Rc7+ 53. Ke6 Kb6 54. Rf1 Rc4 55. Kf7 Kc5 56. Kxg7 Kd4 57. Rxf4+
1-0

[Event "Diez Reinas (Premier)"]
[Site "?"]
[Date "2013.10.15"]
[Round "1"]
[White "Borda, Carla"]
[Black "Fernandez, Maria F"]
[Result "1/2-1/2"]
[WhiteElo "1951"]
[BlackElo "2180"]
[PlyCount "102"]
[EventDate "2013.??.??"]
[SourceDate "2013.10.15"]

1. e4 c5 2. Nc3 Nc6 3. Bb5 Nd4 4. Bc4 g6 5. Nf3 Bg7 6. Nxd4 cxd4 7. Qf3 Nh6 8.
Ne2 O-O 9. c3 Qc7 10. Bb3 dxc3 11. dxc3 d6 12. h3 Kh8 13. g4 e5 14. g5 Ng8 15.
Qd3 f5 16. f3 Ne7 17. Bd2 a5 18. a4 fxe4 19. fxe4 Qb6 20. Ra3 Qf2+ 21. Kd1 d5
22. Qe3 dxe4 23. Qxf2 Rxf2 24. Ke1 Rf3 25. Bc2 e3 26. Bc1 Bf5 27. Bxf5 gxf5 28.
Rb3 f4 29. Rxb7 Nf5 30. h4 Rf2 31. Rh3 f3 32. Ng1 Rc2 33. Rxf3 Rxc1+ 34. Ke2
Nd6 35. Rd7 Rxg1 36. Rxd6 Rb8 37. Kxe3 Re1+ 38. Kf2 Re4 39. h5 Rxa4 40. h6 Bf8
41. Rd2 Rg4 42. Rf5 Bc5+ 43. Kf3 Rg1 44. Rxe5 Rf8+ 45. Ke2 Bb6 46. Red5 Rg8 47.
Rb5 Bd8 48. Rd7 Re8+ 49. Kf2 Rge1 50. Rxd8 R1e2+ 51. Kf1 Re1+ 1/2-1/2

[Event "Diez Reinas (Premier)"]
[Site "?"]
[Date "2013.10.15"]
[Round "1"]
[White "Zuriel, Marisa"]
[Black "Lozano, Betania"]
[Result "0-1"]
[WhiteElo "2215"]
[BlackElo "2048"]
[PlyCount "84"]
[EventDate "2013.??.??"]

1. e4 c5 2. Nf3 e6 3. d4 cxd4 4. Nxd4 a6 5. Bd3 Nf6 6. Qe2 d6 7. O-O Qc7 8. c4
g6 9. Nc3 Bg7 10. Be3 Nbd7 11. Rac1 O-O 12. f3 b6 13. Rfd1 Bb7 14. b3 Nh5 15.
Qf2 e5 16. Nd5 Qd8 17. Ne2 Bxd5 18. cxd5 b5 19. Rc6 Qe7 20. b4 f5 21. Rc7 Nf4
22. Nc3 Rac8 23. Rc6 Nb8 24. Rxc8 Rxc8 25. Ne2 Nxd3 26. Rxd3 Rc2 27. Rc3 Rxc3
28. Nxc3 Qc7 29. Qd2 Qc4 30. a3 Nd7 31. exf5 gxf5 32. g3 e4 33. Ne2 Ne5 34. Qd1
Nxf3+ 35. Kg2 Be5 36. Bf4 Qa2 37. Bxe5 Nxe5 38. Kh3 Qb2 39. Qf1 Nf3 40. Qc1
Qxc1 41. Nxc1 Nd4 42. Na2 Nc2 0-1

[Event "Diez Reinas (Premier)"]
[Site "?"]
[Date "2013.10.15"]
[Round "1"]
[White "Silva, Natalia"]
[Black "Colombo, Camila"]
[Result "0-1"]
[WhiteElo "1856"]
[BlackElo "2074"]
[PlyCount "104"]
[EventDate "2013.??.??"]

1. e4 e6 2. Ne2 d5 3. exd5 Qxd5 4. Nbc3 Qd7 5. d3 b6 6. Ng3 Bb7 7. Nge4 Nf6 8.
Nxf6+ gxf6 9. Be3 Nc6 10. Ne4 Be7 11. Qd2 e5 12. f3 f5 13. Nc3 Nd4 14. O-O-O
Rg8 15. Bxd4 Qxd4 16. Ne2 Qd6 17. Kb1 O-O-O 18. Ng3 Qe6 19. Re1 f4 20. Ne2 Qf5
21. Nc3 Bc5 22. Nd1 f6 23. h4 h5 24. b4 Bd6 25. a3 Kb8 26. Nb2 b5 27. Nd1 Qd7
28. Qc3 c5 29. Nf2 cxb4 30. axb4 Qe7 31. Qb3 Bxb4 32. c3 Ba5 33. d4 Qc7 34. Rc1
Ka8 35. dxe5 Qxe5 36. Ka1 b4 37. Nd3 Qe3 38. cxb4 Bb6 39. Re1 Qd2 40. Kb1 Rge8
41. Rd1 Qe3 42. Be2 Qxe2 43. Rhe1 Qxg2 44. Rxe8 Rxe8 45. Qf7 Rc8 46. Nc5 Bxc5
47. bxc5 Qxf3 48. Rd7 Qf1+ 49. Kb2 Qb5+ 50. Ka1 Qa4+ 51. Kb2 Qb4+ 52. Ka1 Qa3+
0-1

[Event "Diez Reinas (Premier)"]
[Site "?"]
[Date "2013.10.16"]
[Round "2"]
[White "Fernandez, Maria F"]
[Black "Lozano, Betania"]
[Result "0-1"]
[WhiteElo "2180"]
[BlackElo "2048"]
[PlyCount "42"]
[EventDate "2013.??.??"]
[SourceDate "2013.10.16"]

1. d4 Nf6 2. c4 g6 3. Nc3 Bg7 4. e4 d6 5. h3 O-O 6. Bg5 c5 7. d5 a6 8. Nf3 b5
9. cxb5 axb5 10. Bxb5 Nxe4 11. Nxe4 Qa5+ 12. Nc3 Bxc3+ 13. bxc3 Qxb5 14. Qd2
Re8 15. Nh2 e6 16. Ng4 exd5+ 17. Be3 Bxg4 18. hxg4 Qc4 19. Kd1 Ra3 20. Re1 Rxc3
21. Bh6 Qa4+ 0-1

[Event "Diez Reinas (Premier)"]
[Site "?"]
[Date "2013.10.16"]
[Round "2"]
[White "Colombo, Camila"]
[Black "Zuriel, Marisa"]
[Result "1/2-1/2"]
[WhiteElo "2074"]
[BlackElo "2215"]
[PlyCount "247"]
[EventDate "2013.??.??"]

1. d4 Nf6 2. c4 g6 3. Nc3 Bg7 4. e4 d6 5. f3 O-O 6. Bg5 c5 7. d5 a6 8. Qd2 b5
9. cxb5 axb5 10. Bxb5 Ba6 11. Nge2 Qa5 12. Bxa6 Qxa6 13. O-O Nbd7 14. f4 Rab8
15. Rab1 Rb4 16. Qc2 Ng4 17. Rf3 Bd4+ 18. Nxd4 cxd4 19. Nd1 Rc8 20. Ra3 Qb7 21.
Qe2 h5 22. h3 Ngf6 23. Nf2 Nc5 24. Nd3 Nxd3 25. Rxd3 Nd7 26. Qf2 Qa7 27. b3 Nc5
28. Rxd4 Nxe4 29. Rxe4 Qxf2+ 30. Kxf2 Rxe4 31. Kf3 f5 32. a4 Rc3+ 33. Kf2 Rc2+
34. Kf3 Kf7 35. b4 Ra2 36. a5 Ra3+ 37. Kf2 Ra4 38. b5 Rxa5 39. b6 Ra8 40. Kf3
Ke8 41. Bh4 Ra3+ 42. Kf2 Rxf4+ 43. Kg1 Ra8 44. Bg5 Rfa4 45. Kh2 Rb8 46. Rb5 Ra6
47. Be3 Ra3 48. Bg5 Kd7 49. Rb2 Rd3 50. Re2 Rxd5 51. Rxe7+ Kc6 52. Be3 Rb7 53.
Re8 Re5 54. Rc8+ Kd7 55. Rc3 Rb5 56. g4 fxg4 57. hxg4 hxg4 58. Kg3 Rb4 59. Rd3
Ke6 60. Rc3 R7xb6 61. Bxb6 Rxb6 62. Kxg4 Rb5 63. Re3+ Re5 64. Ra3 Kd5 65. Ra1
Kc4 66. Rc1+ Kd5 67. Ra1 Ke6 68. Ra6 Rd5 69. Kf4 Kf6 70. Ra1 Rd4+ 71. Kf3 Rb4
72. Rd1 Rb3+ 73. Kf2 Ke5 74. Re1+ Kf5 75. Rd1 Rb6 76. Kf3 Rb3+ 77. Kf2 Ke6 78.
Rg1 Rb2+ 79. Ke3 Kf5 80. Rf1+ Ke5 81. Rg1 Rb3+ 82. Ke2 Kf5 83. Rd1 Rb6 84. Kf3
Rc6 85. Rd5+ Kf6 86. Rd1 Ke5 87. Re1+ Kf5 88. Rd1 Rc3+ 89. Kf2 Ke5 90. Rg1 Kd4
91. Rxg6 Rc2+ 92. Ke1 d5 93. Rg4+ Kc3 94. Rg3+ Kc4 95. Kd1 Rf2 96. Rh3 Rg2 97.
Rf3 Rh2 98. Rg3 Kd4 99. Ra3 Ke4 100. Ke1 Rh1+ 101. Ke2 d4 102. Kd2 Rg1 103. Rh3
Rg2+ 104. Kd1 Rf2 105. Rh4+ Kd3 106. Rh3+ Kc4 107. Rg3 Rf1+ 108. Kd2 Rh1 109.
Rf3 Rh2+ 110. Kd1 Kd5 111. Rg3 Ke5 112. Ra3 Kf4 113. Rd3 Rh1+ 114. Kd2 Ke4 115.
Ra3 Rh2+ 116. Kd1 Rf2 117. Rh3 Rf4 118. Kd2 Rg4 119. Ra3 Kf5 120. Rd3 Ke4 121.
Ra3 Rg1 122. Rh3 Rg2+ 123. Kd1 d3 124. Rh8 1/2-1/2

[Event "Diez Reinas (Premier)"]
[Site "?"]
[Date "2013.10.16"]
[Round "2"]
[White "Borda, Carla"]
[Black "Silva, Natalia"]
[Result "1/2-1/2"]
[WhiteElo "1951"]
[BlackElo "1856"]
[PlyCount "68"]
[EventDate "2013.??.??"]

1. e4 c5 2. Nc3 Nc6 3. d3 g6 4. g3 Bg7 5. Bg2 d6 6. Nge2 e6 7. Be3 Nge7 8. Qd2
Nd4 9. Nd1 e5 10. Nxd4 cxd4 11. Bh6 O-O 12. Bxg7 Kxg7 13. c3 Nc6 14. O-O f5 15.
c4 f4 16. f3 h5 17. b4 a6 18. Nf2 g5 19. g4 Rh8 20. h3 Ne7 21. Rfc1 Bd7 22. a4
hxg4 23. fxg4 Ng6 24. Nd1 Nh4 25. Qf2 Nxg2 26. Qxg2 Qf6 27. Qf3 Rh4 28. Nf2 Rh7
29. Kg2 Rah8 30. Rh1 Qd8 31. b5 Qa5 32. Rhc1 Rc8 33. Kg1 Kg6 34. Kg2 Be6
1/2-1/2

[Event "Diez Reinas (Premier)"]
[Site "?"]
[Date "2013.10.17"]
[Round "3"]
[White "Silva, Natalia"]
[Black "Fernandez, Maria F"]
[Result "0-1"]
[WhiteElo "1856"]
[BlackElo "2180"]
[PlyCount "94"]
[EventDate "2013.??.??"]

1. e4 c5 2. Nc3 Nc6 3. f4 g6 4. Nf3 Bg7 5. g3 e6 6. Bg2 Nge7 7. O-O O-O 8. d3
d6 9. Bd2 Rb8 10. Rb1 b5 11. Ne2 b4 12. c3 a5 13. d4 Ba6 14. e5 bxc3 15. Bxc3
cxd4 16. Bd2 dxe5 17. fxe5 d3 18. Nc3 Nxe5 19. Nxe5 Bxe5 20. Bf4 Bxf4 21. Rxf4
Nf5 22. Qd2 Qb6+ 23. Rf2 Ne3 24. Bf3 Nc4 25. Qh6 Qe3 26. Qxe3 Nxe3 27. b3 Rfc8
28. Nd1 Nc2 29. Rd2 f5 30. Nb2 Rd8 31. Kf2 e5 32. Bd1 Na3 33. Rc1 e4 34. h4
Rbc8 35. Rxc8 Rxc8 36. Ke3 Nc2+ 37. Kf4 e3 38. Rxd3 Bxd3 39. Nxd3 Rc3 40. Bxc2
Rxc2 41. Kxe3 Rxa2 42. b4 a4 43. Kd4 Rc2 44. Ne1 Re2 45. Nd3 a3 46. Nc1 Rc2 47.
Nb3 a2 0-1

[Event "Diez Reinas (Premier)"]
[Site "?"]
[Date "2013.10.17"]
[Round "3"]
[White "Zuriel, Marisa"]
[Black "Borda, Carla"]
[Result "1-0"]
[WhiteElo "2215"]
[BlackElo "1951"]
[PlyCount "133"]
[EventDate "2013.??.??"]

1. e4 d6 2. d4 Nf6 3. Nc3 Nbd7 4. Nf3 e5 5. Bc4 h6 6. O-O Be7 7. a4 O-O 8. Qe2
c6 9. a5 Qc7 10. Rd1 Rd8 11. h3 Nf8 12. d5 c5 13. Nh4 N6h7 14. Nf5 Bxf5 15.
exf5 Bg5 16. Bxg5 hxg5 17. a6 b6 18. Bb5 Rab8 19. Ra3 g6 20. Bd3 Qe7 21. fxg6
Nxg6 22. Bf5 Nf6 23. Bxg6 fxg6 24. Qd2 Kg7 25. Qxg5 Nxd5 26. Qxe7+ Nxe7 27. Nb5
Nc6 28. Rxd6 Rxd6 29. Nxd6 Rd8 30. Rd3 Kf8 31. Nb5 Rxd3 32. cxd3 Nb4 33. Nxa7
Nxa6 34. Kf1 Nb8 35. Ke2 Nd7 36. Ke3 Kf7 37. Nb5 Ke6 38. Nc3 Nf6 39. g3 Kf5 40.
Ne4 Nd5+ 41. Kd2 Ke6 42. Nc3 Ne7 43. Ke2 Kf5 44. Kf3 Nc6 45. Nd5 Nd4+ 46. Ke3
b5 47. Nc3 c4 48. dxc4 bxc4 49. Ne2 Nb5 50. f3 g5 51. Nc3 Nc7 52. Ne4 Nd5+ 53.
Kd2 Nb6 54. Kc2 Kg6 55. Nd6 Kf6 56. Kd2 Ke6 57. Ne4 Kf5 58. Kc2 Kg6 59. Nc3 Nd7
60. Kd2 Kf5 61. Nd1 Nb6 62. Nc3 Nd7 63. Ke3 Ke6 64. Ne4 Kd5 65. Nxg5 Nc5 66.
Ne4 Na4 67. Nc3+ 1-0

[Event "Diez Reinas (Premier)"]
[Site "?"]
[Date "2013.10.17"]
[Round "3"]
[White "Lozano, Betania"]
[Black "Colombo, Camila"]
[Result "0-1"]
[WhiteElo "2048"]
[BlackElo "2074"]
[PlyCount "46"]
[EventDate "2013.??.??"]

1. Nf3 d5 2. g3 Nc6 3. d4 Bf5 4. Bg2 Qd7 5. O-O Bh3 6. Re1 Bxg2 7. Kxg2 h5 8.
h4 Nh6 9. e4 dxe4 10. Rxe4 O-O-O 11. c3 Ng4 12. b4 e5 13. Re1 exd4 14. b5 Ne7
15. Qa4 Kb8 16. Qxd4 Qc8 17. Qc4 Nf5 18. Bf4 Bd6 19. Nbd2 f6 20. a4 Bxf4 21.
Qxf4 g5 22. hxg5 fxg5 23. Nxg5 Rhf8 0-1

[Event "Diez Reinas (Premier)"]
[Site "?"]
[Date "2013.10.18"]
[Round "4"]
[White "Fernandez, Maria F"]
[Black "Colombo, Camila"]
[Result "0-1"]
[WhiteElo "2180"]
[BlackElo "2074"]
[PlyCount "90"]
[EventDate "2013.??.??"]

1. d4 Nf6 2. c4 g6 3. Nc3 Bg7 4. e4 d6 5. h3 O-O 6. Bg5 Qe8 7. Nf3 e5 8. dxe5
dxe5 9. Nd5 Nxd5 10. cxd5 c6 11. Bc4 cxd5 12. exd5 b5 13. Bb3 Nd7 14. Rc1 e4
15. Nd4 Ne5 16. O-O Nd3 17. Nc6 Nxc1 18. Qxc1 Qd7 19. Re1 Re8 20. Qc5 h6 21.
Bh4 g5 22. Bg3 Bb7 23. Qxb5 Bxb2 24. Ba4 Bg7 25. Rb1 Bxc6 26. Qxc6 Qf5 27. Qa6
e3 28. Rf1 e2 29. Re1 Qxd5 30. Rxe2 Rxe2 31. Qxe2 Qe6 32. Qf3 Rd8 33. Bb3 Qe7
34. Qh5 Rd7 35. h4 gxh4 36. Bxh4 Qe1+ 37. Kh2 Qe5+ 38. Qxe5 Bxe5+ 39. Kh3 Rd4
40. Be7 Kg7 41. Bc5 Rd3+ 42. Kg4 Kg6 43. f3 h5+ 44. Kh4 Rd2 45. Bxa7 Rxg2 0-1

[Event "Diez Reinas (Premier)"]
[Site "?"]
[Date "2013.10.18"]
[Round "4"]
[White "Borda, Carla"]
[Black "Lozano, Betania"]
[Result "1/2-1/2"]
[WhiteElo "1951"]
[BlackElo "2048"]
[PlyCount "89"]
[EventDate "2013.??.??"]

1. e4 c5 2. Nc3 Nc6 3. Bb5 Nd4 4. Bc4 e6 5. Nge2 Nxe2 6. Qxe2 d6 7. O-O a6 8.
a4 Ne7 9. f4 g6 10. f5 gxf5 11. exf5 d5 12. Qe5 dxc4 13. Qxh8 Qd4+ 14. Qxd4
cxd4 15. Ne4 Nxf5 16. g4 Nd6 17. Nf6+ Kd8 18. Nxh7 Bg7 19. d3 cxd3 20. cxd3 Bd7
21. Bg5+ Kc7 22. Be7 f5 23. Ng5 Be5 24. Rae1 Re8 25. Bxd6+ Bxd6 26. gxf5 Rg8
27. h4 exf5 28. Rc1+ Kb6 29. Kf2 Bxa4 30. Rfe1 Bf4 31. Rc4 Bc6 32. Rxd4 Bxg5
33. hxg5 Rxg5 34. Rg1 Rh5 35. Ke3 Kc5 36. Rc1+ Kb6 37. Rf4 Rh2 38. Rb1 Bb5 39.
Rxf5 Rh3+ 40. Rf3 Rxf3+ 41. Kxf3 Bxd3 42. Rd1 Bc4 43. Ke3 Kc5 44. Rd7 b5 45.
Kd2 1/2-1/2

[Event "Diez Reinas (Premier)"]
[Site "?"]
[Date "2013.10.18"]
[Round "4"]
[White "Silva, Natalia"]
[Black "Zuriel, Marisa"]
[Result "0-1"]
[WhiteElo "1856"]
[BlackElo "2215"]
[PlyCount "96"]
[EventDate "2013.??.??"]

1. e4 c5 2. Nc3 Nc6 3. Nge2 e6 4. g3 Nge7 5. Bg2 d6 6. O-O a6 7. d3 g6 8. Bg5
Bg7 9. Qd2 Nd4 10. Rab1 O-O 11. b4 Qc7 12. bxc5 dxc5 13. Bf4 Nxe2+ 14. Nxe2 e5
15. Bh6 Be6 16. Bxg7 Kxg7 17. a3 b5 18. f4 f6 19. f5 gxf5 20. exf5 Bd5 21. Be4
Bxe4 22. dxe4 Rad8 23. Qe3 Rd6 24. g4 Kh8 25. Qh6 Rf7 26. Rbd1 Ng8 27. Qh5 Rg7
28. h4 c4 29. Kh1 Qe7 30. Nc3 Rxd1 31. Nxd1 Qxa3 32. Kg2 Qc1 33. c3 Qd2+ 34.
Nf2 Qxc3 35. Rd1 Qe3 36. Rd8 c3 37. Rxg8+ Rxg8 38. Qf7 Qh6 39. g5 Qg7 40. Qe6
c2 41. Nd3 Rd8 42. Nxe5 fxe5 43. f6 Qd7 44. Qxe5 Qg4+ 45. Kf2 Rd2+ 46. Ke3 Qe2+
47. Kf4 Qh2+ 48. Kf5 Rf2+ 0-1

[Event "Diez Reinas (Premier)"]
[Site "?"]
[Date "2013.10.19"]
[Round "5"]
[White "Zuriel, Marisa"]
[Black "Fernandez, Maria F"]
[Result "1/2-1/2"]
[WhiteElo "2215"]
[BlackElo "2180"]
[PlyCount "111"]
[EventDate "2013.??.??"]
[SourceDate "2013.10.19"]

1. e4 c5 2. Nf3 d6 3. d4 cxd4 4. Nxd4 Nf6 5. Nc3 g6 6. Be2 Bg7 7. O-O O-O 8.
Bg5 Nc6 9. Nb3 a5 10. a4 Be6 11. f4 Rc8 12. Kh1 Nb4 13. Nd4 Bc4 14. Ndb5 Bxb5
15. Bxb5 Rc5 16. Qe2 Qc7 17. Rf3 Nh5 18. Raf1 Rc8 19. f5 Nf6 20. Rh3 Nc6 21.
Bxf6 Bxf6 22. Nd5 Rxd5 23. exd5 Nd4 24. Qd2 Qxc2 25. Qh6 Nxf5 26. Qxh7+ Kf8 27.
Bd3 Qc1 28. Rhf3 Qh6 29. Qxh6+ Nxh6 30. b3 Ng4 31. Bc4 Ne5 32. Rc3 Rc5 33. Rc2
Kg7 34. h3 Bg5 35. g3 Rc8 36. Kg2 Be3 37. Re1 Bc5 38. Bb5 Kf6 39. Rf1+ Kg7 40.
Rf4 Rh8 41. Re4 Rc8 42. b4 axb4 43. Rxb4 Ra8 44. Re4 b6 45. Rf4 Rb8 46. Rf1 Ra8
47. Re1 Rb8 48. Rce2 Kf6 49. g4 Rb7 50. Ra2 Rc7 51. Rc1 Ra7 52. Rca1 Bd4 53.
Rf1+ Kg7 54. Rc2 Bc5 55. Re1 Ra8 56. Rf1 1/2-1/2

[Event "Diez Reinas (Premier)"]
[Site "?"]
[Date "2013.10.19"]
[Round "5"]
[White "Lozano, Betania"]
[Black "Silva, Natalia"]
[Result "1/2-1/2"]
[WhiteElo "2048"]
[BlackElo "1856"]
[PlyCount "126"]
[EventDate "2013.??.??"]

1. e4 c5 2. Nf3 e6 3. d3 Nc6 4. g3 d6 5. Bg2 Nf6 6. Nbd2 Rb8 7. O-O Be7 8. Re1
Qc7 9. Nf1 O-O 10. h4 Ne5 11. c3 b6 12. d4 Nxf3+ 13. Bxf3 d5 14. e5 Nd7 15. Bf4
Bb7 16. Nh2 Qd8 17. Ng4 Rc8 18. Qd2 Kh8 19. Kg2 a5 20. a3 b5 21. h5 cxd4 22.
cxd4 b4 23. Bd1 bxa3 24. bxa3 Ba6 25. Bc2 Rg8 26. Rec1 Qf8 27. Qxa5 Be2 28. f3
f5 29. Nf2 Qf7 30. Qd2 Ba6 31. Rh1 Rc7 32. Bd3 Bxd3 33. Qxd3 Rgc8 34. Rac1 Rc4
35. Qb3 Rb8 36. Qd3 Ra4 37. Rc3 Rba8 38. Qb5 Bd8 39. Rhc1 Nb6 40. Rb1 Rxa3 41.
Rxa3 Rxa3 42. Qc5 Ra6 43. Bd2 h6 44. Ba5 Nc4 45. Bxd8 Ne3+ 46. Kg1 Qxh5 47. Bf6
Qg6 48. Qf8+ Kh7 49. Qxg7+ Qxg7 50. Bxg7 Kxg7 51. Rb7+ Kg8 52. Nd3 Nc2 53. Nf4
Nxd4 54. Kf2 Ra3 55. Nh5 Rxf3+ 56. Kg2 Re3 57. Nf6+ Kf8 58. Rd7 Re2+ 59. Kh3
Rxe5 60. Nh7+ Ke8 61. Nf6+ Kf8 62. Nh7+ Ke8 63. Nf6+ Kf8 1/2-1/2

[Event "Diez Reinas (Premier)"]
[Site "?"]
[Date "2013.10.19"]
[Round "5"]
[White "Colombo, Camila"]
[Black "Borda, Carla"]
[Result "1-0"]
[WhiteElo "2074"]
[BlackElo "1951"]
[PlyCount "70"]
[EventDate "2013.??.??"]

1. d4 d6 2. c4 Nd7 3. Nc3 e5 4. d5 f5 5. e4 Nc5 6. exf5 Bxf5 7. Be3 Nd7 8. Bd3
Bxd3 9. Qxd3 g6 10. Nf3 Bh6 11. Ne4 Bxe3 12. Qxe3 Qe7 13. Neg5 Nf8 14. c5 Nf6
15. cxd6 cxd6 16. Ne4 Nxe4 17. Qxe4 Nd7 18. O-O O-O 19. Rac1 Nb6 20. g3 Qf6 21.
Kg2 Rac8 22. h4 Kg7 23. b3 h6 24. a4 Qf7 25. h5 g5 26. Rxc8 Rxc8 27. Qg4 Rc5
28. Rd1 Nxd5 29. b4 Nf6 30. Qf5 Rc6 31. b5 Rb6 32. a5 Rxb5 33. Rxd6 a6 34. Nxe5
Rxe5 35. Qxe5 Kh7 1-0

[Event "Diez Reinas (Premier)"]
[Site "?"]
[Date "2013.10.19"]
[Round "6"]
[White "Fernandez, Maria F"]
[Black "Borda, Carla"]
[Result "1-0"]
[WhiteElo "2180"]
[BlackElo "1951"]
[PlyCount "97"]
[EventDate "2013.??.??"]
[SourceDate "2013.10.19"]

1. d4 d6 2. c4 Nd7 3. Nc3 e5 4. d5 f5 5. e4 f4 6. g3 fxg3 7. hxg3 Ngf6 8. Be2
Nc5 9. Bg5 Be7 10. Bh5+ Nxh5 11. Qxh5+ g6 12. Qxg6+ hxg6 13. Rxh8+ Kd7 14.
Rxd8+ Kxd8 15. Bxe7+ Kxe7 16. Kd2 Bd7 17. b4 Na6 18. a3 Rh8 19. Nge2 g5 20. f4
gxf4 21. gxf4 exf4 22. Nxf4 Rh2+ 23. Nfe2 c5 24. dxc6 bxc6 25. Rg1 Be8 26. Rg5
Rh5 27. Rg2 Bf7 28. Nd4 Nb8 29. Nf5+ Kf8 30. Nxd6 Nd7 31. Rf2 Rh7 32. Ke3 Ke7
33. Rxf7+ Rxf7 34. Nxf7 Kxf7 35. Kd4 Ke6 36. Na4 Nf8 37. Nc5+ Ke7 38. Na6 Ne6+
39. Ke5 Nd8 40. Nb8 Nf7+ 41. Kd4 Kd6 42. Na6 Ke6 43. e5 Nd8 44. Nc5+ Ke7 45. a4
Nf7 46. b5 cxb5 47. cxb5 Ng5 48. Kd5 Nf7 49. a5 1-0

[Event "Diez Reinas (Premier)"]
[Site "?"]
[Date "2013.10.19"]
[Round "6"]
[White "Colombo, Camila"]
[Black "Silva, Natalia"]
[Result "1-0"]
[WhiteElo "2074"]
[BlackElo "1856"]
[PlyCount "113"]
[EventDate "2013.??.??"]

1. d4 f5 2. g3 Nf6 3. Nh3 c6 4. Nf4 g6 5. h4 Nd5 6. h5 Nxf4 7. Bxf4 Bg7 8. hxg6
hxg6 9. Rxh8+ Bxh8 10. Qd2 Bf6 11. Be5 g5 12. Qe3 e6 13. Nc3 d6 14. Bxf6 Qxf6
15. O-O-O d5 16. Bg2 Na6 17. Rh1 Bd7 18. Rh5 f4 19. Qe5 Qxe5 20. dxe5 O-O-O 21.
Rxg5 fxg3 22. Rxg3 Rf8 23. Rf3 Rg8 24. Bh3 Kd8 25. Rf7 Nc7 26. e3 Be8 27. Rf6
Ke7 28. Rh6 Bg6 29. Ne2 Rg7 30. Nf4 Bf7 31. Rh8 Rg8 32. Rh7 Kf8 33. Nd3 Rg1+
34. Kd2 Kg8 35. Rh4 b6 36. Ra4 Bh5 37. Ne1 a5 38. b4 axb4 39. Rxb4 b5 40. Rh4
Bg6 41. Bg2 Bf5 42. a4 bxa4 43. Rxa4 c5 44. Ra7 Nb5 45. Ra4 Nc3 46. f3 d4 47.
e4 Bxe4 48. fxe4 c4 49. Ra8+ Kf7 50. Rd8 Rxg2+ 51. Nxg2 Nxe4+ 52. Ke1 d3 53.
cxd3 cxd3 54. Rxd3 Kg6 55. Rf3 Ng5 56. Rf6+ Kg7 57. Nh4 1-0

[Event "Diez Reinas (Premier)"]
[Site "?"]
[Date "2013.10.19"]
[Round "6"]
[White "Lozano, Betania"]
[Black "Zuriel, Marisa"]
[Result "0-1"]
[WhiteElo "2048"]
[BlackElo "2215"]
[PlyCount "184"]
[EventDate "2013.??.??"]

1. Nf3 Nf6 2. g3 b5 3. Bg2 Bb7 4. O-O c5 5. d3 d5 6. d4 cxd4 7. Nxd4 a6 8. f4
e6 9. c3 Bc5 10. Nd2 Nbd7 11. N2f3 Ne4 12. Be3 Ndf6 13. Ne5 h5 14. Nc2 h4 15.
g4 h3 16. Bf3 Qe7 17. Bxc5 Nxc5 18. Qd4 Rh4 19. Ne3 Rc8 20. Rad1 Nce4 21. Rc1
Nd6 22. Bh1 Nfe4 23. Nf3 Rh7 24. b3 f6 25. c4 bxc4 26. bxc4 dxc4 27. Nxc4 Nxc4
28. Rxc4 Rxc4 29. Qxc4 Bd5 30. Qa4+ Kf8 31. Rc1 Rh4 32. Qxa6 Rxg4+ 33. Kf1 Rxf4
34. Qb6 Nd2+ 35. Ke1 Nxf3+ 36. Bxf3 Qb4+ 37. Qxb4+ Rxb4 38. Bxd5 exd5 39. Rd1
d4 40. Kf2 Ke7 41. Kg3 Ke6 42. Kxh3 Ke5 43. Rd3 Rb2 44. e3 Rxa2 45. exd4+ Ke4
46. Rd1 Ra5 47. Re1+ Kxd4 48. Kg3 Re5 49. Rd1+ Ke4 50. Re1+ Kf5 51. Rf1+ Kg5
52. Rf3 Re4 53. h3 Re2 54. h4+ Kh5 55. Rf5+ Kg6 56. Rb5 Re3+ 57. Kf4 Rc3 58.
Kg4 Rc4+ 59. Kg3 Ra4 60. Rd5 f5 61. Rd8 Ra3+ 62. Kf4 Ra4+ 63. Kg3 Rg4+ 64. Kh3
Kf6 65. Rd6+ Ke5 66. Rd1 g6 67. Re1+ Kf4 68. Rf1+ Ke5 69. Rf3 Ke4 70. Ra3 Rg1
71. Ra4+ Ke5 72. Ra5+ Kf6 73. Ra6+ Kg7 74. Ra7+ Kh6 75. Ra8 Rg4 76. Rh8+ Kg7
77. Ra8 Re4 78. Ra7+ Kh6 79. Ra8 Re3+ 80. Kg2 Kh5 81. Rh8+ Kg4 82. h5 g5 83. h6
Re2+ 84. Kf1 Rh2 85. Kg1 Rh5 86. h7 f4 87. Rg8 Rxh7 88. Kg2 f3+ 89. Kf2 Rh2+
90. Kg1 Ra2 91. Rg7 Kf4 92. Rf7+ Kg3 0-1